Library Banner

Soybean and nutrition / (Record no. 109468)

MARC details
000 -LEADER
fixed length control field 00377nam a2200145 4500
005 - DATE AND TIME OF LATEST TRANSACTION
control field 20181208100051.0
008 - FIXED-LENGTH DATA ELEMENTS--GENERAL INFORMATION
fixed length control field 181208b ||||| |||| 00| 0 eng d
020 ## - INTERNATIONAL STANDARD BOOK NUMBER
International Standard Book Number 9789533075365
040 ## - CATALOGING SOURCE
Transcribing agency PK-LaUMT
082 ## - DEWEY DECIMAL CLASSIFICATION NUMBER
Classification number 613.257242
Item number SOY-
245 ## - TITLE STATEMENT
Title Soybean and nutrition /
Statement of responsibility, etc edited by Hany A. El-Shemy
260 ## - PUBLICATION, DISTRIBUTION, ETC. (IMPRINT)
Place of publication, distribution, etc Rijeka :
Name of publisher, distributor, etc InTech,
Date of publication, distribution, etc 2017
300 ## - PHYSICAL DESCRIPTION
Extent 476 p.
942 ## - ADDED ENTRY ELEMENTS (KOHA)
Koha item type Books
Holdings
Withdrawn status Lost status Damaged status Home library Current library Date acquired Full call number Barcode Date last seen Price effective from Koha item type
      UMT Main Campus UMT Main Campus 2018-12-08 613.257242 SOY- 126858 2018-12-08 2018-12-08 Books